Vector analysis
Gardado en:
| Autor Principal: | |
|---|---|
| Formato: | Libro |
| Idioma: | inglés |
| Publicado: |
Nueva York
McGraw-Hill
1955
|
| Series: | International Series in Pure and Applied Mathematics
|
| Subjects: | |
| Tags: |
Engadir etiqueta
Sen Etiquetas, Sexa o primeiro en etiquetar este rexistro!
|
MARC
| LEADER | 00000nam a2200000 a 4500 | ||
|---|---|---|---|
| 001 | UCQ8814 | ||
| 003 | CL-VaPUC | ||
| 008 | 981217e19550000US |||||||||||||||||eng|d | ||
| 082 | 0 | 4 | |a 515.63 |b NEW |2 21 |
| 100 | |a Newell, Homer E. |e author |9 423050 | ||
| 245 | 1 | 0 | |a Vector analysis |
| 300 | |a 216 p | ||
| 942 | |c BK | ||
| 945 | |d 19981217 00:00:00 |a crobeson | ||
| 260 | |a Nueva York |b McGraw-Hill |c 1955 | ||
| 650 | 0 | |a Análisis vectorial |9 260451 | |
| 650 | 0 | |a Cálculo vectorial |9 408406 | |
| 583 | |a last modification |c 19981217 00:00:00 |k Rodrigo Vera | ||
| 490 | 0 | |a International Series in Pure and Applied Mathematics | |
| 999 | |c 277989 |d 277987 | ||
| 952 | |0 0 |1 0 |4 0 |6 515_630000000000000_NEW_1955 |7 0 |8 A |9 316299 |a BIBMAT |b BIBMAT |d 2019-11-20 |i 130514K |o 515.63 NEW 1955 |p 130514K |r 2025-01-07 |w 2019-11-20 |y BK |k MAT | ||